000 01285nam a22004097a 4500
001 240034
003 DO-SdBPM
005 20251112131607.0
007 ta
008 160328b1998 mx |||| |||| 00| 0 spa d
020 _a9684443005
040 _aDO-SdBPM
_bspa
_cBPMSU
_erda
082 4 _a512.14
_bA394t 1998
_222
240 1 0 _a
_l
245 1 0 _aÁlgebra, trigonometría y geometría analítica /
_cStanley A. Smith ... [y otros ] ; versión en español de Carlos Torres Alcaraz.
260 _a
_b
264 _aMéxico :
_b Adison Wesley Longman,
_c1998.
300 _a1027 páginas :
_bilustraciones ;
_c25 cm.
336 _atexto
_btxt
_2rdacontent
337 _asin mediación
_bn
_2rdamedia
338 _avolumen
_bnc
_2rda
490 0 _aAWLI.
590 _aInventariado, 2025/VM
650 7 _aÁlgebra.
650 7 _aGeometría analítica.
650 7 _aAlgebra
_vProblemas, ejercicios, etc.
650 7 _aGeometría analítica
_vProblemas, ejercicios, etc.
700 1 _aSmith, Stanley A.
700 1 _aCharles, Randall I.
700 1 _aDossey, John A.
700 1 _aKeedy, Mervin L.
700 1 _aBittinger, Marvin L.
700 1 _aTorres Alcaraz, Carlos
910 _aVMateo V. Congrol de calidad. BPMSU
942 _2ddc
_cBK
945 _a
999 _c9381
_d9381